教育心理学百科事典= Encyclopedia of education psychology
Tallennettuna:
| Aineistotyyppi: | Kirja |
|---|---|
| Kieli: | Undetermined |
| Julkaistu: |
Japan
Longman
1977
|
| Aiheet: | |
| Tagit: |
Lisää tagi
Ei tageja, Lisää ensimmäinen tagi!
|
| Thư viện lưu trữ: | Trung tâm Học liệu Trường Đại học Cần Thơ |
|---|
| LEADER | 00515nam a2200181Ia 4500 | ||
|---|---|---|---|
| 001 | CTU_237307 | ||
| 008 | 210402s9999 xx 000 0 und d | ||
| 082 | |a 370.3 | ||
| 082 | |b E56 | ||
| 245 | 0 | |a 教育心理学百科事典= | |
| 245 | 0 | |b Encyclopedia of education psychology | |
| 260 | |a Japan | ||
| 260 | |b Longman | ||
| 260 | |c 1977 | ||
| 650 | |a Giáo dục,Education | ||
| 650 | |x Từ điển bách khoa,Encyclopedia | ||
| 910 | |a Tuyến | ||
| 980 | |a Trung tâm Học liệu Trường Đại học Cần Thơ | ||